Регионална библиотека "Любен Каравелов" - Русе

Библия в образ и слово (Запис номер 126649)

MARC детайли
000 -Лидер
Контролно поле с фиксирана дължина 01684nam a2200361 c 4500
003 - Код на организацията, давaща контролен номер
Контролно поле BLK
005 - Дата и час на последна редакция
Контролно поле 20180422111214.0
008 - Елементи от данни с фиксирана дължина
fixed length control field 180409b bul|||||r ||||||| ||bul||
010 ## - Наследен системен номер
LC control number KNG00132337000
040 ## - Източник на каталожния запис
Идентификатор на билиотеката - собственик на записа BLK
041 ## - Код за език
Код за езика на текст/звукозапис или на отделно заглавие Български
Код за езика КДБФ Български
080 ## - УДК
Текстов определител УДК Свещено писание. Библия. Стар и Нов завет
УДК код - определител по УДК 22
УДК определител (02.053.2)
УДК - код + определител 22(02.053.2)
139 ## - Редно поле
Редна дума Библия в образ и слово
Авторски знак Би - Б 44
245 10 - Сведения за заглавието
Заглавие Библия в образ и слово
Подзаглавни данни Разкази от Стария и Новия завет за деца
Редно поле (дума) състав. и ред. Ваня Тодорова Лазарова; прев. от итал. Ваня Тодорова Лазарова.
257 ## - Страна на издаване
Страна на създаване/издаване Сборници - Свят
260 ## - Област на издателските данни
-- София
Име на издателя, разпространителя и проч. РОЗИМ
Година на издаване 1991
300 ## - Физическа характеристика
Страници 94 с.
Илюстрации и др. с цв. ил.
Размери/Мащаб 22 см
380 ## - Жанр
Жанр Религия. Теология
500 ## - Общи забележки
Забележка Използвани са материали и от Scuola Biblica del Centro Ut Unum Sint. - 5 000 тир.
650 #4 - Допълнително описание по предмет – тема
Основно описание – тема или топоним Библия - изучаване - в детската градина
9 (RLIN) 264010
653 ## - Ключова дума – ненормативна
Ключова дума Библия
653 ## - Ключова дума – ненормативна
Ключова дума Стар Завет
653 ## - Ключова дума – ненормативна
Ключова дума Нов Завет
653 ## - Ключова дума – ненормативна
Ключова дума литература за деца
653 ## - Ключова дума – ненормативна
Ключова дума детска литература
700 1# - Други автори (авторска отговорност)
Лично име Лазарова, Ваня Тодорова
Автороска отговорност (Описва отношението между автора и произведението) състав. и ред.
9 (RLIN) 377679
700 1# - Други автори (авторска отговорност)
Лично име Лазарова, Ваня Тодорова
Автороска отговорност (Описва отношението между автора и произведението) прев. от итал.
9 (RLIN) 377679
852 ## - Местоположение
Форматна сигнатура Цб 183888
856 4# - Електронен адрес и достъп
Електронен формат pdf - файл
Път до файла /url/
856 4# - Електронен адрес и достъп
Електронен формат pdf - файл
Път до файла /url/
942 ## - АРТИКУЛИ
Вид на библиотечния материал Книги
Скрит в OPAC Не
944 ## - СЪЗДАВАНЕ И РЕДАКЦИЯ на ЗАПИСА
Създаване/Редакция Създаване
Дата на регистрацията/редакция 23.07.2012
Статус, дата на статуса 23.07.2012 - от С1,Р / 23.07.2012
Служител, извършил регистрацията/редакцията Севдалина_Василева
944 ## - СЪЗДАВАНЕ И РЕДАКЦИЯ на ЗАПИСА
Създаване/Редакция Редакция
Дата на регистрацията/редакция 26.09.2017
Статус, дата на статуса 23.07.2012 - от С1,Р / 23.07.2012
Служител, извършил регистрацията/редакцията Севдалина_Василева
999 ## - СИСТЕМНИ КОНТРОЛНИ НОМЕРА
Koha biblionumber 126649
Koha biblioitemnumber 126649
Наличности
Код за отписване Код за изгубен артикул Източник на класификационната схема Код за повреда Коз за рестрикции Код за отдаване Артикулен № Име на библиотеката - собственик Име на библиотеката, в която се намира в момента Статус (Текущо местоположение) Дата на вписване в системата Местоположение - отдел Цена в лева Инвентарен номер Систематично азбучна сигнатура Баркод Номер на екземпляра Цена в евро Служебна бележка Служебен тип на артикула Бележка за публиката
  Не е изгубен Universal Decimal Classification Не е повреден без рестрикции ползва се в читалня 206006 Регионална библиотека "Любен Каравелов" Русе Регионална библиотека "Любен Каравелов" Русе Хранилище 1991-01-01 Хранилище 0.00 548700 Цб 183888 120000548700 1 0.00 Дост: Dp Вид: Д N: стар фонд Дата: 01.01.1991 Дата инв: 05.09.2014 Бележки инв: Цб2014 Книги  
Изтеглен Не е изгубен   Не е повреден без рестрикции заемане за дома 206007 Регионална библиотека "Любен Каравелов" Русе Регионална библиотека "Любен Каравелов" Русе   1991-01-01 Детски отдел 15.00 548246 ДН 2/Б 44 548246 2 7.67 Дост: Pk Вид: Ф N: стар фонд Дата: 01.01.1991 Дата инв: 30.09.2015 Бележки инв: Д2015 Книги Отч.N: 39/2017 , Дата: 07.09.2017
Изтеглен Не е изгубен Universal Decimal Classification Не е повреден без рестрикции заемане за дома 206008 Регионална библиотека "Любен Каравелов" Русе Регионална библиотека "Любен Каравелов" Русе Детски отдел 1991-01-01 Детски отдел 15.00 548456 ДН 2/Б 44 548456 3 7.67 Дост: Pk Вид: Ф N: стар фонд Дата: 01.01.1991 Дата инв: 30.09.2015 Бележки инв: Д2015 Книги  
Vip Innovations Ltd, Rousse, Bulgaria 2025